Acuerdo General sobre Aranceles Aduaneros y Comercio (Record no. 20953)

MARC details
000 -LEADER
campo de control de longitud fija 00450nam a2200133 i 4500
001 - NÚMERO DE CONTROL
campo de control 20953
003 - IDENTIFICADOR DE NÚMERO DE CONTROL
campo de control ES-MaACL
007 - CAMPO FIJO DE DESCRIPCIÓN FÍSICA--INFORMACIÓN GENERAL
campo de control de longitud fija t|
008 - DATOS DE LONGITUD FIJA--INFORMACIÓN GENERAL
campo de control de longitud fija 021119s1961 sz ||||1| spa d
245 00 - MENCIÓN DEL TÍTULO
Título Acuerdo General sobre Aranceles Aduaneros y Comercio
Resto del título : instrumentos básicos y documentos diversos : noveno suplemento.
260 ## - PUBLICACIÓN, DISTRIBUCIÓN, ETC.
Lugar de publicación, distribución, etc. Ginebra :
Nombre del editor, distribuidor, etc. Las Partes Contratantes del Acuerdo,
Fecha de publicación, distribución, etc. 1961.
300 ## - DESCRIPCIÓN FÍSICA
Extensión 287 p. ;
Dimensiones 24 cm.
852 ## - LOCALIZACIÓN
Ubicación ES-MaACL
Número de control de estantería E-8280
Sublocalización o colección R.92810
Holdings
Estatus retirado Estado de pérdida Estado de daño No para préstamo Biblioteca de origen Biblioteca actual Ubicación en estantería Fecha de adquisición Fuente de adquisición Total de préstamos Signatura topográfica completa Código de barras Visto por última vez Precio de reemplazo Tipo de ítem Koha
        Biblioteca del Ateneo de Madrid Biblioteca del Ateneo de Madrid Depósito 2 17/01/2008     E-8280 1021517 23/02/2023 23/02/2023 Libro impreso